भारत की राजव्यवस्था/ (Record no. 203876)

MARC details
000 -LEADER
fixed length control field 00930nam a22002057a 4500
005 - DATE AND TIME OF LATEST TRANSACTION
control field 20240703105235.0
010 ## - LCCN (DPL NO)
LC control number HIN-127904
020 ## - INTERNATIONAL STANDARD BOOK NUMBER
Terms of availability 395.00
International Standard Book Number 9789389538489
020 ## - INTERNATIONAL STANDARD BOOK NUMBER
Terms of availability 395.00
International Standard Book Number 9389538483
035 ## - SYSTEM CONTROL NUMBER
System control number HN-100250
037 ## - SOURCE OF ACQUISITION
Source of stock number/acquisition DBAD
082 ## - DEWEY DECIMAL CLASSIFICATION NUMBER
Classification number 320.954
100 ## - MAIN ENTRY--PERSONAL NAME
Personal name लक्ष्मीकांत, एम
245 ## - TITLE STATEMENT
Title भारत की राजव्यवस्था/
Statement of responsibility, etc एम लक्ष्मीकांत
250 ## - EDITION STATEMENT
Edition statement छठवां
260 ## - PUBLICATION, DISTRIBUTION, ETC. (IMPRINT)
Place of publication, distribution, etc चेन्नई
Name of publisher, distributor, etc म्च्ग्रव हिल एजुकेशन
Date of publication, distribution, etc 2020
270 ## - ADDRESS
Address 444/1, श्री एकम्बरा निक्कर इंडस्ट्रियल एस्टेट , अल्पक्कार्ण, पुरुर,
City चेन्नई
Postal code 600116
300 ## - PHYSICAL DESCRIPTION
Extent xlv,679 पू,
Dimensions 24 सेमी (अजिल्द)
942 ## - ADDED ENTRY ELEMENTS (KOHA)
Source of classification or shelving scheme Dewey Decimal Classification
Item type Hindi Books
Classification part 320.954
Call number suffix लक्ष्मीक
Holdings
Withdrawn status Lost status Not for loan Collection code Home library Current library Date acquired Source of acquisition Cost, normal purchase price Full call number Barcode Copy number Cost, replacement price Koha item type
      Non-fiction Central Jail Tihar Central Jail Tihar 03/07/2024 DBAD 395.00 320.954 लक्ष्मीक HN-100250 1 395.00 Hindi Books

© Delhi Public Library
Hit Counter
free hit counter